<?xml version="1.0" encoding="UTF-8"?><?xml-stylesheet type="text/xsl" href="static/style.xsl"?><OAI-PMH xmlns="http://www.openarchives.org/OAI/2.0/" xmlns:xsi="http://www.w3.org/2001/XMLSchema-instance" xsi:schemaLocation="http://www.openarchives.org/OAI/2.0/ http://www.openarchives.org/OAI/2.0/OAI-PMH.xsd"><responseDate>2026-04-14T03:36:16Z</responseDate><request verb="GetRecord" identifier="oai:www.recercat.cat:20.500.12328/3005" metadataPrefix="marc">https://recercat.cat/oai/request</request><GetRecord><record><header><identifier>oai:recercat.cat:20.500.12328/3005</identifier><datestamp>2025-05-16T13:01:41Z</datestamp><setSpec>com_2072_67741</setSpec><setSpec>col_2072_484352</setSpec></header><metadata><record xmlns="http://www.loc.gov/MARC21/slim" xmlns:dcterms="http://purl.org/dc/terms/" xmlns:xsi="http://www.w3.org/2001/XMLSchema-instance" xmlns:doc="http://www.lyncode.com/xoai" xsi:schemaLocation="http://www.loc.gov/MARC21/slim http://www.loc.gov/standards/marcxml/schema/MARC21slim.xsd">
   <leader>00925njm 22002777a 4500</leader>
   <datafield ind2=" " ind1=" " tag="042">
      <subfield code="a">dc</subfield>
   </datafield>
   <datafield ind2=" " ind1=" " tag="720">
      <subfield code="a">González-Marrón, Adrián</subfield>
      <subfield code="e">author</subfield>
   </datafield>
   <datafield ind2=" " ind1=" " tag="720">
      <subfield code="a">Martínez-Sánchez, José María</subfield>
      <subfield code="e">author</subfield>
   </datafield>
   <datafield ind2=" " ind1=" " tag="260">
      <subfield code="c">2018</subfield>
   </datafield>
   <datafield ind2=" " ind1=" " tag="520">
      <subfield code="a">Uno de los objetivos actuales de la Organización Mundial de la Salud (OMS) es la erradicación del sarampión y la rubéola en al menos cinco regiones de la OMS para el año 2020, como se recoge en el Plan Estratégico Mundial encabezado por la Iniciativa Sarampión y Rubéola. Sin embargo, en los últimos meses, el sarampión se ha convertido en un importante problema de salud pública en Europa debido al aumento de casos registrados en diversos brotes. Atendiendo a la definición de «enfermedad emergente» de la OMS, en la actualidad podríamos incluso considerar este proceso como tal. Cabe destacar que la mayor incidencia de casos se está registrando en países con una cobertura de vacunación con la segunda dosis de vacuna triple vírica muy por debajo del objetivo marcado del 95% para conseguir la inmunidad de grupo o comunitaria. Este hecho está permitiendo que el elevado número básico de reproducción del sarampión, el más alto entre las enfermedades transmisibles, se manifieste en bolsas de población susceptible y resulte en largas cadenas de transmisión. Sin embargo, también se han registrado recientemente brotes en países como España, donde la cobertura de vacunación se alcanza o es cercana al 95% para el global nacional, pero no es así en el ámbito autonómico, tal como demuestra el brote que tuvo lugar en el primer trimestre de 2017 en Barcelona y que, a fecha 7 de abril, había afectado a 46 personas.</subfield>
   </datafield>
   <datafield ind1="8" ind2=" " tag="024">
      <subfield code="a">González-Marrón, Adrián; Martínez-Sánchez, José M. Sarampión en Europa: necesidad de acción global y local para su erradicación. Gaceta Sanitaria, 2018, 32(6), p. 590-591. Disponible en: &lt;https://www.sciencedirect.com/science/article/pii/S0213911117301814?via%3Dihub>. Fecha de acceso: 10 dic. 2021. DOI: 10.1016/j.gaceta.2017.06.010</subfield>
   </datafield>
   <datafield ind1="8" ind2=" " tag="024">
      <subfield code="a">0213-9111</subfield>
   </datafield>
   <datafield ind1="8" ind2=" " tag="024">
      <subfield code="a">http://hdl.handle.net/20.500.12328/3005</subfield>
   </datafield>
   <datafield ind1="8" ind2=" " tag="024">
      <subfield code="a">https://dx.doi.org/10.1016/j.gaceta.2017.06.010</subfield>
   </datafield>
   <datafield tag="653" ind2=" " ind1=" ">
      <subfield code="a">Xarampió</subfield>
   </datafield>
   <datafield tag="653" ind2=" " ind1=" ">
      <subfield code="a">Rubèola</subfield>
   </datafield>
   <datafield tag="653" ind2=" " ind1=" ">
      <subfield code="a">Salut pública</subfield>
   </datafield>
   <datafield tag="653" ind2=" " ind1=" ">
      <subfield code="a">Vacunació</subfield>
   </datafield>
   <datafield tag="653" ind2=" " ind1=" ">
      <subfield code="a">Sarampión</subfield>
   </datafield>
   <datafield tag="653" ind2=" " ind1=" ">
      <subfield code="a">Rubéola</subfield>
   </datafield>
   <datafield tag="653" ind2=" " ind1=" ">
      <subfield code="a">Salud pública</subfield>
   </datafield>
   <datafield tag="653" ind2=" " ind1=" ">
      <subfield code="a">Vacunación</subfield>
   </datafield>
   <datafield tag="653" ind2=" " ind1=" ">
      <subfield code="a">Measles</subfield>
   </datafield>
   <datafield tag="653" ind2=" " ind1=" ">
      <subfield code="a">Rubella</subfield>
   </datafield>
   <datafield tag="653" ind2=" " ind1=" ">
      <subfield code="a">Public health</subfield>
   </datafield>
   <datafield tag="653" ind2=" " ind1=" ">
      <subfield code="a">Vaccination</subfield>
   </datafield>
   <datafield ind2="0" ind1="0" tag="245">
      <subfield code="a">Sarampión en Europa: necesidad de acción global y local para su erradicación</subfield>
   </datafield>
</record></metadata></record></GetRecord></OAI-PMH>